Arquitectura y estado : (Registro nro. 6155)

Detalles MARC
000 -LEADER
fixed length control field 01234nam a2200253Ia 4500
003 - CONTROL NUMBER IDENTIFIER
control field OSt
005 - DATE AND TIME OF LATEST TRANSACTION
control field 20210212124949.0
008 - FIXED-LENGTH DATA ELEMENTS--GENERAL INFORMATION
fixed length control field 191128s1991 ck aoe gr 001 0 spa d
020 ## - INTERNATIONAL STANDARD BOOK NUMBER
International Standard Book Number 95817007655
040 ## - CATALOGING SOURCE
Original cataloging agency CO-JMCR
Transcribing agency CO-JMCR
041 0# - LANGUAGE CODE
Language code of text/sound track or separate title spa
082 04 - DEWEY DECIMAL CLASSIFICATION NUMBER
Classification number 720.9861 /
Item number N716a
Edition number 23
100 1# - MAIN ENTRY--PERSONAL NAME
Personal name Niño Murcia, Carlos,
Relator term autor
9 (RLIN) 13388
245 10 - TITLE STATEMENT
Title Arquitectura y estado :
Remainder of title contexto y significado de las construcciones del Ministerio de Obras Públicas : Colombia, 1905-1960 /
Statement of responsibility, etc. Carlos Niño Murcia
250 ## - EDITION STATEMENT
Edition statement 1a. edición
260 ## - PUBLICATION, DISTRIBUTION, ETC.
Place of publication, distribution, etc. Bogotá :
Name of publisher, distributor, etc. Universidad Nacional de Colombia,
Date of publication, distribution, etc. 1991
300 ## - PHYSICAL DESCRIPTION
Extent 340 páginas, [4] páginas de láminas a color :
Other physical details ilustraciones, fotografías y planos a blanco y negro ;
Dimensions 34 cm.
500 ## - GENERAL NOTE
General note Incluye índice de nombres y de lugares.
505 0# - FORMATTED CONTENTS NOTE
Formatted contents note Colombia, ciudad y arquitectura en el siglo XIX -- El gobierno de Rafael Reyes y la iniciación del Ministerio -- Obras del Ministerio, 1905-1909 -- El Republicanismo -- Obras hacia 1910 -- La guerra, el petróleo y el debate por la indemnización de Panamá
650 14 - SUBJECT ADDED ENTRY--TOPICAL TERM
Topical term or geographic name entry element Arquitectura y estado
Geographic subdivision Colombia
9 (RLIN) 13389
650 24 - SUBJECT ADDED ENTRY--TOPICAL TERM
Topical term or geographic name entry element Arquitectura
General subdivision historia
Geographic subdivision Colombia
9 (RLIN) 13390
650 24 - SUBJECT ADDED ENTRY--TOPICAL TERM
Topical term or geographic name entry element Infraestructura física
9 (RLIN) 13391
942 ## - ADDED ENTRY ELEMENTS (KOHA)
Source of classification or shelving scheme Dewey Decimal Classification
Koha item type Books
Existencias
Withdrawn status Lost status Source of classification or shelving scheme Damaged status Not for loan Collection code Home library Current library Date acquired Source of acquisition Total Checkouts Full call number Barcode Date last seen Date last checked out Copy number Koha item type Price effective from
    Dewey Decimal Classification     Non-fiction Biblioteca Pública José María del Castillo y Rada Biblioteca Pública José María del Castillo y Rada 04/15/2018 Donación 1 720.9861 / N716a 201811402 08/26/2024 08/23/2024 Ej.1 Books  
    Dewey Decimal Classification     Non-fiction Biblioteca Pública José María del Castillo y Rada Biblioteca Pública José María del Castillo y Rada 04/15/2018 Donación   720.9861 / N716a 430012199 05/16/2024   Ej.2 Books 02/12/2021